000 00431nam a2200157Ia 4500
008 230917s9999||||xx |||||||||||||| ||und||
040 _e217669
_aMAIN
041 _aEnglish
082 _a515.353 S89P(2)
100 _aSauvigny, Friedrich
245 0 _aPartial differential equations 1: Foundations and integral representations
250 _a2nd ed.
260 _aLondon
_bSpringer
_c2012
300 _axv, 447 p.
942 _cBK
999 _c165897
_d165897